000
00257nam a2200109Ia 4500
008
230907s9999||||xx |||||||||||||| ||und||
082
_a
158.1
_b
HAS
100
_a
Hasson, Gill,
_9
116063
245
0
_a
Confidence pocketbook :
300
_a
109 p.
942
_c
BK
999
_c
600928
_d
600928